La familia a la luz de la misericordia
محفوظ في:
| المؤلف الرئيسي: | |
|---|---|
| التنسيق: | كتاب |
| اللغة: | الإسبانية |
| منشور في: |
Santander
Sal Terrae
2015
|
| الطبعة: | 1a. ed |
| سلاسل: | Presencia Teológica, 226
|
| الموضوعات: | |
| الوسوم: |
إضافة وسم
لا توجد وسوم, كن أول من يضع وسما على هذه التسجيلة!
|
MARC
| LEADER | 00000cam a2200000 a 4500 | ||
|---|---|---|---|
| 001 | UCC4113 | ||
| 003 | CL-VaPUC | ||
| 008 | 180713e20150000sp |||||||||||||||||spa|d | ||
| 020 | |a 9788429324457 | ||
| 082 | 0 | 4 | |a 248.4 |b URI |2 21 |
| 100 | 0 | |a Uríbarri Bilbao, Gabino |e author |9 598267 | |
| 245 | 1 | 3 | |a La familia a la luz de la misericordia |
| 250 | |a 1a. ed | ||
| 300 | |a 255 p | ||
| 942 | |c BK | ||
| 945 | |d 20180713 16:22:00 |a dcastane | ||
| 260 | |a Santander |b Sal Terrae |c 2015 | ||
| 650 | 0 | |a Vida cristiana |9 258753 | |
| 650 | 0 | |a Familia cristiana |9 311439 | |
| 583 | |a last modification |c 20180713 16:22:00 |k Rodrigo Vera | ||
| 490 | 0 | |a Presencia Teológica, 226 | |
| 999 | |c 371710 |d 371708 | ||
| 952 | |0 0 |1 0 |3 erb |4 0 |6 248_400000000000000_URI_2015 |7 0 |8 A |9 488819 |a BIBTEO |b BIBTEO |i 5480353 |o 248.4 URI 2015 |p 5480353 |r 2025-01-17 |w 2019-11-24 |y BK |z Catalogado en:20180713 |k ICR | ||